Modernism: A short introduction. (Record no. 128723)

MARC details
000 -LEADER
fixed length control field 00354nam a2200145Ia 4500
008 - FIXED-LENGTH DATA ELEMENTS--GENERAL INFORMATION
fixed length control field 230917s9999||||xx |||||||||||||| ||und||
040 ## - CATALOGING SOURCE
-- 109575
Original cataloging agency VIVEKANANDA LIBRARY
041 ## - Language
-- English
082 ## - DDC NUMBER
Classification number 820.9 A24M
100 ## - MAIN ENTRY--PERSONAL NAME
Personal name Ayers, David
245 #0 - TITLE STATEMENT
Title Modernism: A short introduction.
260 ## - PUBLICATION, DISTRIBUTION, ETC. (IMPRINT)
Place of publication, distribution, etc Oxford
Name of publisher, distributor, etc Blackwell
Date of publication, distribution, etc 2005
300 ## - PHYSICAL DESCRIPTION
Pages ix, 153 p.
942 ## - ADDED ENTRY ELEMENTS (KOHA)
Koha item type Books
Holdings
Withdrawn status Lost status Damaged status Not for loan Location (home branch) Sublocation or collection (holding branch) Date acquired Koha issues (times borrowed) Koha full call number Accession No. Koha date last seen Koha item type
        VIVEKANANDA LIBRARY VIVEKANANDA LIBRARY 01/05/2006   820.9 A24M 225398 17/09/2023 Books
        VIVEKANANDA LIBRARY VIVEKANANDA LIBRARY 01/05/2006   820.9 A24M 229586 17/09/2023 Books
© Designed and Maintained by Vivekananda Library, MDU Rohtak